000 00245nam a22000857a 4500
008 161125b xxu||||| |||| 00| 0 eng d
100 _91436
_aYoung Learners
245 _aThe Emperors new clothes
260 _aNew Delhi
_bYoung Learners Publication
_c2011
999 _c4159
_d4159